Catálogo
 En Linea

La redención económica base de la soberanía nacional / (Registro nro. 15222)

Detalles MARC
000 -CABECERA
campo de control de longitud fija 00731nam a2200181 a 4500
001 - NÚMERO DE CONTROL
campo de control 000015670
005 - FECHA Y HORA DE LA ÚLTIMA TRANSACCIÓN
campo de control 20200929164118.0
008 - DATOS DE LONGITUD FIJA--INFORMACIÓN GENERAL
campo de control de longitud fija 100217s1955 dr 000 0 spa d
040 ## - FUENTE DE LA CATALOGACIÓN
Centro catalogador/agencia de origen DO-SdBNP
Lengua de catalogación spa
Centro/agencia transcriptor BNPHU
082 ## - NÚMERO DE LA CLASIFICACIÓN DECIMAL DEWEY
Número de clasificación xxx
Número de documento/Ítem R314e
049 ## - FONDOS LOCALES (OCLC)
Fondos de biblioteca BNPD
111 2# - ENTRADA PRINCIPAL--NOMBRE DE CONGRESO/REUNIÓN
Nombre de congreso/reunión o jurisdicción como elemento de entrada Conferencia la redención económica, base de la soberanía nacional
Fecha del congreso/reunión (1955 sept. 24 :
Sede del congreso/Lugar de la reunión Ciudad Trujillo, República Dominicana)
9 (RLIN) 35320
245 13 - MENCIÓN DE TÍTULO
Título La redención económica base de la soberanía nacional /
Mención de responsabilidad, etc. Ernesto Sánchez Rubirosa.
260 ## - PUBLICACIÓN, DISTRIBUCIÓN, ETC.
Lugar de publicación, distribución, etc. Ciudad Trujillo, República Dominicana :
Nombre del editor, distribuidor, etc. Publicaciones del Partido Dominicano,
Fecha de publicación, distribución, etc. 1955.
300 ## - DESCRIPCIÓN FÍSICA
Extensión 24 p. ;
Dimensiones 23 cm.
500 ## - NOTA GENERAL
Nota general Incluye notas al pie de páginas
700 1# - PUNTO DE ACCESO ADICIONAL--NOMBRE DE PERSONA
Nombre de persona Sánchez Rubirosa, Ernesto
9 (RLIN) 35321
Existencias
Estado de retiro Estado de pérdida Restricciones de uso No para préstamo Código de colección Localización permanente Ubicación/localización actual Ubicación en estantería Fecha de adquisición Número de inventario Total de préstamos Signatura topográfica completa Código de barras Fecha visto por última vez Número de copia Precio válido a partir de Tipo de ítem Koha Nota pública
        Raros y valiosos General General Depósito 14.07.2011 LF1   xxx R314e 15670-40 25.06.2020 e. 3 25.06.2020 Préstamo en sala  
      Excluido de préstamo Raros y valiosos Patrimonio Dominicano Patrimonio Dominicano Depósito 17.02.2010 LF1   xxx R314e 15670-10 25.06.2020   25.06.2020 No se presta Perteneció a la biblioteca personal de Martínez Boog.
      Excluido de préstamo Raros y valiosos Patrimonio Dominicano Patrimonio Dominicano Depósito 14.07.2011 LF1   xxx R314e 15670-30 25.06.2020 e. 2 25.06.2020 No se presta Dedicado

Con tecnología Koha